| 000 | 00820nam a2200265 4500 | ||
|---|---|---|---|
| 001 | 28310 | ||
| 003 | BD-RjUL | ||
| 005 | 20211209051250.0 | ||
| 008 | 140330r19721963onc b 001 0beng | ||
| 020 | _a0070929610 | ||
| 035 | _a(BD-RjUL)28391 | ||
| 040 |
_aDLC _cDLC _dDLC _dWaU _dBD-RjUL _beng |
||
| 041 | _aeng | ||
| 082 | 0 | 0 |
_a971.0510924 _bSTL 1972 |
| 100 | 1 |
_aStanley, George Francis Gillman. _986705 |
|
| 245 | 0 | 0 |
_aLouis Riel / _cGeorge F. G. Stanley. |
| 260 |
_aToronto ; _aNew York : _bMcGraw-Hill Ryerson, _cc1963 [Reprinted 1972]. |
||
| 300 |
_a431 p. ; _c22 cm. |
||
| 504 | _aIncludes bibliographical references and index. | ||
| 600 | 1 | 0 |
_aRiel, Louis, _d1844-1885. _986708 |
| 650 | 0 |
_aRevolutionaries _zCanada _vBiography. _986707 |
|
| 942 |
_2ddc _cBK |
||
| 999 |
_c28310 _d28310 |
||